[Event "Beersheba"]
[Site "Beersheba"]
[Date "1991.??.??"]
[Round "?"]
[White "Dolmatov, Sergey"]
[Black "Fishbein, Alexander"]
[Result "1-0"]
[WhiteElo "2620"]
[BlackElo "2465"]
[Annotator "Boensch,U"]
[PlyCount "69"]
[EventDate "1991.07.??"]
[EventType "tourn"]
[EventRounds "10"]
[EventCountry "ISR"]
[EventCategory "11"]
[SourceTitle "CBM 025"]
[Source "ChessBase"]
[SourceDate "1991.12.01"]
[SourceVersion "1"]
[SourceVersionDate "1991.12.01"]
[SourceQuality "1"]

1. e4 {Boensch} c5 2. Nf3 Nc6 3. d4 cxd4 4. Nxd4 Nf6 5. Nc3 d6 6. Bg5 e6 7. Qd2
Be7 8. O-O-O O-O 9. f4 Nxd4 10. Qxd4 Qa5 11. Bc4 Bd7 12. e5 dxe5 13. fxe5 Bc6
14. Bd2 Rad8 $2 {N} (14... Nd7 15. Nd5 Qd8 16. Nxe7+ Qxe7 17. Rhe1 Nb6 18. Bb3
Rfd8 19. Qg4 Qc5 20. c3 $14 {Sznapik-Wessmann Novi Sad (ol) 1990 -Inf.50/223})
15. Nd5 Rxd5 16. Bxa5 Rxd4 17. Rxd4 Bc5 18. Rd3 Ng4 19. Re1 h5 (19... Nxh2 $5)
20. Re2 Nf2 21. Rb3 Rc8 22. Be1 Ng4 23. h3 $18 Nh6 24. Bb5 Nf5 (24... Bd5 25.
Rc3) 25. Bxc6 bxc6 26. Bf2 Nd4 27. Bxd4 Bxd4 28. Rd3 Bb6 29. Re4 Kf8 30. Rh4 g6
31. Rc4 Ke7 32. b4 Bg1 33. Kb2 Rb8 34. a4 a5 35. c3 1-0

[Event "Horgen-B"]
[Site "Horgen"]
[Date "1995.??.??"]
[Round "2"]
[White "Masserey, Yvan"]
[Black "Zueger, Beat"]
[Result "0-1"]
[WhiteElo "2350"]
[BlackElo "2470"]
[Annotator "Boensch,U"]
[PlyCount "68"]
[EventDate "1995.10.??"]
[EventType "tourn"]
[EventRounds "9"]
[EventCountry "SUI"]
[EventCategory "11"]
[SourceTitle "CBM 050"]
[Source "ChessBase"]
[SourceDate "1996.02.01"]
[SourceVersion "1"]
[SourceVersionDate "1996.02.01"]
[SourceQuality "1"]

1. e4 c5 2. Nf3 Nc6 3. d4 cxd4 4. Nxd4 Nf6 5. Nc3 d6 6. Bg5 e6 7. Qd2 Be7 8.
O-O-O O-O 9. f4 Nxd4 10. Qxd4 Qa5 11. Bc4 Bd7 12. e5 dxe5 13. Qxe5 $5 (13. fxe5
Bc6 14. Bd2 Nd7 15. Nd5 Qd8 16. Nxe7+ Qxe7 17. Rhe1 Nb6 18. Bb3 Rfc8 19. Kb1
Bd5 20. Bb4 Qc7 21. Bd6 Qc6 22. Qf2 Be4 {Wenn Schwarz seinen B auf die /^
b1-h7 bekommt, steht er gut!} 23. Rd4 Bg6 $15 {Peng Xiaomin-Wang Zili Beijing
Tan Chin Cup (06) 1995 0-1 41 - CBM 49}) 13... Qb4 (13... Qb6 14. Qe2 Rad8 15.
Ne4 Nd5 $5 16. Bxd5 Bxg5 17. Nxg5 exd5 18. Rxd5 Bg4 $1 $44 {Karpov,An-Kamsky,G
Buenos Aires Sicilian (01) 1944 1/2 26 - CBM 44}) 14. Bb3 $6 $146 (14. Rd4 Bc5
15. Rhd1 Bxd4 16. Rxd4 Rfd8 17. Bxf6 gxf6 18. Qxf6 Qb6 19. f5 Bc6 20. Rg4+ Kf8
21. b3 {1-0 Ziatdinov,R-Ragozin,E Antwerpen op (07) 1994}) 14... Bc6 15. Rd4
Qb6 16. Rhd1 h6 (16... Bxg2 $6 17. f5 {Sieht zu gefährlich aus.}) 17. Bh4 Ng4
18. Qh5 Bxh4 19. Qxg4 (19. Qxh4 $2 Ne3 20. R1d2 Nf5 $19) 19... Bf6 $15 {
[%cal Gf6a1]} 20. R4d3 a5 (20... Rfd8 21. Rxd8+ Rxd8 22. Rxd8+ Bxd8 $17 {
Im Endspiel gewinnt das Läuferpaar noch an Kraft.}) 21. f5 a4 22. Bc4 exf5 (
22... a3 $5) 23. Qxf5 Ra5 24. Qf1 Rc5 25. Rd6 a3 $1 $19 26. Na4 Bg5+ {Schwarz
spielt auf Schönheit, das profane} (26... Bxb2+ 27. Kb1 Qb4 28. Nxc5 Be5+ 29.
Bb3 Bxd6 $19 {hätte es auch getan.}) 27. Kb1 Qb4 28. Bb3 Bxa4 29. R6d4 Bxb3 $1
30. Rxb4 Bxc2+ 31. Ka1 Bxd1 32. Rc4 (32. Qxd1 Rc1+ $19) 32... Rxc4 33. Qxc4 Bf6
34. Kb1 axb2 0-1

[Event "Novgorod"]
[Site "Novgorod"]
[Date "1995.06.04"]
[Round "8"]
[White "Topalov, Veselin"]
[Black "Kramnik, Vladimir"]
[Result "1/2-1/2"]
[WhiteElo "2630"]
[BlackElo "2715"]
[Annotator "Boensch,U"]
[PlyCount "72"]
[EventDate "1995.05.??"]
[EventType "tourn"]
[EventRounds "9"]
[EventCountry "RUS"]
[EventCategory "17"]
[SourceTitle "CBM 048"]
[Source "ChessBase"]
[SourceDate "1995.10.01"]
[SourceVersion "1"]
[SourceVersionDate "1995.10.01"]
[SourceQuality "1"]

1. e4 {King} c5 2. Nf3 Nc6 3. d4 cxd4 4. Nxd4 Nf6 5. Nc3 d6 6. Bg5 e6 7. Qd2
Be7 8. O-O-O Nxd4 9. Qxd4 O-O 10. f4 Qa5 (10... h6 11. h4 hxg5 12. hxg5 Ng4 13.
Be2 e5 14. Qg1 exf4 15. Bxg4 Bxg5 16. Bxc8 Rxc8 17. Rd3 Bh6 $10 {
WiersmaE-Sosonko,G NLD-ch (02) 1995 1/2 29 - CBM 48}) 11. Bc4 Bd7 12. Bb3 {
Mit der Hauptvariante 12.e5 wird es immer schwerer den weit ausanalysierten
und remisverdächtigen Endspielen aus dem Weg zu gehen. Auch in dieser Partie
hat Schwarz keine Mühe auszugleichen.} Bc6 13. h4 $6 $146 (13. Rhf1 h6 14. Bh4
Qh5 (14... e5 15. fxe5 dxe5 $10) 15. Bg3 d5 16. exd5 Rfd8 17. Rfe1 Bxd5 18.
Nxd5 Nxd5 19. Qe5 $10 {- ECO}) 13... h6 14. Kb1 {King Unlike the game
Wiersma-Sosonko, Black would be ill-advised to capture on g5 - the attack down
the h-file would be far too strong. Instead, Kramnik develops the standard
Sicilian play on the queenside, and very nearly wins.} Qc5 15. Qd3 (15. Qxc5
dxc5 16. Bxf6 Bxf6 17. Ba4 Bxc3 18. Bxc6 $10) 15... b5 16. a3 a5 17. f5 b4 18.
Bxf6 Bxf6 19. Qxd6 Qxd6 20. Rxd6 bxc3 (20... Rfc8 $2 21. axb4 axb4 22. Na2 exf5
23. exf5 Bxg2 (23... Be5 24. Rxc6 Rxc6 25. Bd5 Rxa2 26. Bxa2 $16) 24. Rg1 Be5
25. Rd7 $16) 21. Rxc6 a4 22. Bc4 exf5 23. exf5 Rfb8 $6 {Gestattet dem Weißen
die Qualität zu opfern und damit in ein unverlierbares Endspiel abzuwickeln.} (
23... cxb2 24. Rc7 Rad8 $15 (24... Rfc8 $6 25. Bxf7+ Kf8 26. Rxc8+ Rxc8 27. Be6
Rc3 28. Rh3 $10)) 24. b4 $1 axb3 25. Bxb3 Rxa3 26. Rh3 $8 Rba8 27. Rhxc3 Bxc3
28. Rxc3 Ra1+ 29. Kb2 Rf1 30. g4 Rg1 31. Rc4 Rb8 (31... h5 $6 32. g5 (32. gxh5
$2 Rf1 $15) 32... Kh8 $1 (32... Rg4 33. Rc7 (33. g6 $2 Rxc4 34. Bxc4 Kf8 35.
gxf7 $15) 33... Rxh4 34. Rxf7 $1 (34. f6 Rf8 35. g6 gxf6 $17) (34. g6 Rf4 35.
Rxf7 Kh8 $17) 34... Kh8 35. f6 gxf6 (35... g6 36. Rg7 $18) (35... Rg8 36. g6
Rg4 37. fxg7+ Rxg7 38. Rf8+ Rg8 39. Rxg8#) 36. g6 $1 $18) 33. Rc7 f6 34. gxf6
gxf6 35. Rf7 Ra6 36. Be6 $10) 32. Kc3 Kh7 33. Rd4 Rb7 34. h5 Rf1 35. Bc4 Rf3+
36. Bd3 Rb8 1/2-1/2

[Event "Altensteig"]
[Site "Altensteig"]
[Date "1995.??.??"]
[Round "7"]
[White "Luther, Thomas"]
[Black "Hracek, Zbynek"]
[Result "0-1"]
[WhiteElo "2550"]
[BlackElo "2635"]
[Annotator "Boensch,U"]
[PlyCount "76"]
[EventDate "1995.08.??"]
[EventType "tourn"]
[EventRounds "11"]
[EventCountry "GER"]
[EventCategory "12"]
[SourceTitle "CBM 049"]
[Source "ChessBase"]
[SourceDate "1995.12.01"]
[SourceVersion "1"]
[SourceVersionDate "1995.12.01"]
[SourceQuality "1"]

1. e4 c5 2. Nf3 Nc6 3. d4 cxd4 4. Nxd4 Nf6 5. Nc3 d6 6. Bg5 e6 7. Qd2 Be7 8.
O-O-O O-O 9. h4 {wird selten gespielt.} (9. f4) (9. Nb3) 9... Nxd4 (9... a6 10.
f3 (10. g4 Bd7 11. Nf3 b5 12. e5 b4 13. exf6 bxc3 14. Qxc3 gxf6 15. Bh6 $16 {
Enders,P-Stanec,N Ptuj zt (02) 1995 0-1 24 - CBM 47}) 10... Nxd4 11. Qxd4 b5
12. g4 Bb7 13. Qf2 b4 14. Na4 Bc6 15. Nb6 Rb8 16. Nc4 d5 17. Bf4 Rb7 18. Ne5
$14 {Zapata,A-Hernandez,Gi Cali zt (9) 1990 1-0 30}) (9... h6 $5) 10. Qxd4 Qa5
11. Qd2 (11. f3 Bd7 12. Bd2 Qe5 13. Qe3 Rfc8 14. g4 Qc5 15. Qxc5 Rxc5 $10 {
Arnason,J-Gurevich,D Beersheva 1987 1/2 27}) 11... Rd8 (11... Bd7 12. Kb1 Kh8
$13 {gegen Nd5 gerichtet.}) 12. Kb1 Qc7 13. f4 a6 14. Bd3 (14. g4 b5 15. Bxf6
Bxf6 16. Rh3 Bb7 17. g5 Be7 $10) 14... b5 15. a3 (15. Qe2 $5 b4 16. e5 dxe5 (
16... bxc3 $2 17. exf6 Qb7 18. b3 gxf6 19. Qh5 f5 20. Bxe7 Qxe7 21. g4 $16) 17.
fxe5 bxc3 18. exf6 gxf6 19. Qe4 Rxd3 $1 20. Rxd3 Bb7 $17) 15... Rb8 16. e5 dxe5
17. fxe5 Nd5 (17... Qxe5 $4 18. Bf4 $18) 18. Nxd5 Rxd5 (18... exd5 $6 19. Bxe7
Qxe7 20. Qg5 $14) 19. Qf4 (19. Bxe7 Qxe7 20. Qg5 $10) 19... b4 20. a4 Bb7 (
20... b3 $2 21. cxb3 Rxb3 22. Qc4 $1 $18) 21. Bxe7 Qxe7 22. Be4 Rdd8 23. b3 a5
$15 {Wegen der Schwäche e5 und dem rückständigen P c2 steht Schwarz etwas
besser.} 24. Rhf1 Bxe4 25. Qxe4 Rd7 $2 (25... Rbc8 $15) 26. Qc6 $2 (26. Rxd7
Qxd7 27. Rf3 $1 Qd1+ 28. Kb2 Rc8 29. Rxf7 Qxc2+ 30. Qxc2 Rxc2+ 31. Kxc2 Kxf7
32. Kd3 Kg6 33. Kc4 Kf5 34. Kb5 Kxe5 35. Kxa5 Kd4 36. Kb5 $10) 26... Rbd8 27.
Kc1 $2 (27. Rxd7 Rxd7 (27... Qxd7 $2 28. Qb6 (28. Qxd7 $2 Rxd7 29. Kc1 h5 (
29... Rd5 $2 30. Rd1 $16) 30. Rd1 Rc7 $15) 28... Qd5 29. Rf3 $13) 28. g3 Rd5
$15) 27... Rc7 $2 (27... Rxd1+ 28. Rxd1 Qxh4 $19) 28. Rxd8+ Qxd8 29. Qf3 h6 30.
Rd1 $2 (30. Qe4 $15) 30... Qxh4 31. Qa8+ Kh7 32. Qxa5 Rc3 $1 33. Qb5 Qf2 34.
Rd2 Qf4 35. a5 Re3 $17 36. Kb2 Rxe5 37. Qd3+ f5 38. a6 $2 (38. Qd4 Re4 (38...
Qxd4+ $2 39. Rxd4 Rxa5 40. Rxb4 $13) 39. Qd6 Qf1 40. a6 Re1 41. Qxb4 Rb1+ 42.
Kc3 Qxa6 $17) 38... Rd5 0-1

[Event "Peristeri"]
[Site "Peristeri"]
[Date "1994.??.??"]
[Round "8"]
[White "Kotronias, Vasilios"]
[Black "Nikolaidis, Ioannis"]
[Result "1-0"]
[WhiteElo "2545"]
[BlackElo "2460"]
[Annotator "Boensch,U"]
[PlyCount "59"]
[EventDate "1994.??.??"]
[EventType "tourn"]
[EventRounds "9"]
[EventCountry "GRE"]
[EventCategory "9"]
[SourceTitle "CBM 046"]
[Source "ChessBase"]
[SourceDate "1995.06.01"]
[SourceVersion "1"]
[SourceVersionDate "1995.06.01"]
[SourceQuality "1"]

1. e4 {Donev} c5 2. Nf3 Nc6 3. d4 cxd4 4. Nxd4 Nf6 5. Nc3 d6 6. Bg5 e6 7. Qd2
Be7 8. O-O-O O-O 9. f4 Nxd4 10. Qxd4 Qa5 11. Bc4 h6 $6 {Eine alte Variante,
heute wird 11...Bd7 bevorzugt.} 12. h4 e5 (12... hxg5 {Donev} 13. hxg5 Ng4 14.
Rh3 (14. Rh4 $2 Ne5 $1 15. Rdh1 (15. fxe5 Bxg5+ $19) 15... Ng6 $17) 14... Qc5
15. Rdh1 $1 $40) 13. Qd3 $146 (13. Qg1 exf4 (13... Be6 {Donev} 14. Bxe6 fxe6
15. Qh2 $40) 14. Bxf4 Bg4 15. Rd3 Nh5 16. Bxd6 Bxd6 17. Rxd6 Ng3 18. Qd4 Qh5
19. Rd5 Qg6 20. Re1 $16 {Pachman,L-Barcza Stockholm (izt) 1952 -ECO}) 13...
exf4 (13... hxg5 $4 14. hxg5 Ng4 15. Qh3 Nh6 16. Qh2 $18 {Weiß gewinnt bei
gewaltigem Angriff die Figur zurück.}) 14. Bxf4 Bg4 15. Rde1 Rac8 16. Bb3 Rfd8
17. Rhf1 Qh5 {Den lästigen Druck auf f7 kann Schwarz nur schwer abschütteln.} (
17... Be6 $2 18. Bxe6 fxe6 19. Qh3 Kf7 20. g4 $1 $16) 18. Qg3 Rd7 (18... Be6 {
Donev} 19. e5 $1 $14) 19. Be3 $1 {Der B steht auf d4 deutlich besser als auf
f4.} (19. e5 $2 {Der Abtausch von Pe4 gegen den schwächeren Pd6 kommt dem
Nachziehenden entgegen, außerdem verliert Weiß seine schöne Operationsbasis d5.
} dxe5 20. Rxe5 Qg6 $10) 19... Qe5 $4 {Stellt einen glatten P ein.} (19... b5
$14 {Weiß steht aktiver!} 20. Rf4 {Droht Nd5 und der Bg4 hängt.} Be6 21. Bd4
$14 (21. Bxe6 fxe6 22. Qh3 Qe5 $10)) (19... b6 $142 {Donev} 20. Bd4 $14) 20.
Bxf7+ $1 $18 Kxf7 21. Qxg4 Rdc7 22. Qd1 Rxc3 {Nach} (22... Kg8 {kann Weiß den
zweiten P nehmen.} 23. Bxa7 Rxc3 24. bxc3 Qxc3 25. Bd4 $18) 23. bxc3 Qxc3 24.
Bd4 Qc6 (24... Qa3+ 25. Kb1 Rc4 26. Rf3 $18) 25. Rf3 $1 Qa4 26. Kb1 Rc4 27. Bb2
Qc6 28. e5 (28. Qd5+ {Donev} Qxd5 29. exd5 Rxh4 $16) 28... dxe5 29. Rxe5 Rxh4
$4 {Übersieht einen einfachen Doppellangriff, aber die Stellung war
hoffnungslos.} (29... Rb4 $142 {Donev}) 30. Qe1 (30. Qe1 {Donev} Bd6 31. Qxh4
Bxe5 32. Qh5+ $18 {/\Qe5}) 1-0

[Event "USA-ch"]
[Site "Greenville"]
[Date "1983.??.??"]
[Round "4"]
[White "Kudrin, Sergey"]
[Black "Whitehead, Jay E"]
[Result "0-1"]
[WhiteElo "2505"]
[BlackElo "2325"]
[Annotator "Bulletin"]
[PlyCount "68"]
[EventDate "1983.07.??"]
[EventType "tourn"]
[EventRounds "13"]
[EventCountry "USA"]
[EventCategory "10"]
[SourceTitle "MCL"]
[Source "ChessBase"]
[SourceDate "1999.07.01"]
[SourceVersion "1"]
[SourceVersionDate "1999.07.01"]
[SourceQuality "1"]

1. e4 c5 2. Nf3 Nc6 3. d4 cxd4 4. Nxd4 Nf6 5. Nc3 d6 6. Bg5 e6 7. Qd2 Be7 8.
O-O-O O-O 9. f4 Nxd4 10. Qxd4 Qa5 11. Bc4 (11. e5 dxe5 12. Qxe5) 11... Bd7 12.
Bb3 (12. e5 dxe5 13. Qxe5 (13. fxe5 Bc6 14. Bd2 Nd7 15. Nd5 Qd8 16. Nxe7+ Qxe7
17. Rhe1 Nb6 18. Bd3 Rfd8 19. Qg4 Rxd3 $1 20. cxd3 Ba4 $10) 13... b5 $1) (12.
Bxf6 Bxf6 13. e5 Be7 14. exd6 Bf6 {Shamkovich,L-Taylor/New York/1983/}) 12...
Bc6 13. Rhf1 h6 14. Bh4 Qh5 15. Bg3 d5 16. e5 $2 (16. f5 $1 Nxe4 17. Nxe4 dxe4
18. fxe6 f5) (16. exd5 Rfd8 17. f5 Nxd5 18. fxe6 Bg5+ $1) 16... Ne4 17. Nxe4
dxe4 $15 18. Qg1 a5 $1 19. a3 b5 $1 20. Bf2 a4 21. Ba2 b4 22. g4 (22. Bc5 Bxc5
23. Qxc5 b3 $1 24. Bb1 (24. cxb3 $2 Bd5) 24... bxc2 25. Bxc2 Rac8 26. Kb1 Bd5
27. Qe3 (27. Qd4 Rc4) 27... Rxc2 $1 28. Kxc2 Bb3+) 22... Qh3 23. Rde1 $4 (23.
Qg3) (23. Rfe1 Qf3 24. Qg3) (23. axb4 a3 $1) 23... Bb5 $1 (23... b3 24. Re3 (
24. Bb1 Bb5 $19) 24... bxa2 25. Kd2 Rfd8+ 26. Kc3 Rac8) 24. axb4 a3 $1 25. Be3
(25. b3 Rfe8 $1 (25... Bxb4) 26. Be3 Bxb4) 25... axb2+ 26. Kb1 Bxb4 (26... Bxf1
) 27. c4 Bxe1 (27... Rxa2 $1 28. Kxa2 Bxc4+ 29. Kxb2 Rb8 $1) 28. Rxe1 Ba6 29.
g5 hxg5 30. fxg5 g6 31. Rf1 Rfb8 32. Qf2 Rb7 33. Qe2 Bxc4 $1 34. Qxc4 Qxe3 0-1

[Event "Reunion IBM op"]
[Site "Reunion"]
[Date "1997.??.??"]
[Round "5"]
[White "De la Riva Aguado, Oscar"]
[Black "Oms Pallisse, Josep"]
[Result "1/2-1/2"]
[WhiteElo "2480"]
[BlackElo "2450"]
[Annotator "Bulletin"]
[PlyCount "37"]
[EventDate "1997.??.??"]
[EventType "swiss"]
[EventRounds "9"]
[EventCountry "FRA"]
[SourceTitle "EXT 1998"]
[Source "ChessBase"]
[SourceDate "1997.11.17"]
[SourceVersion "1"]
[SourceVersionDate "1997.11.17"]
[SourceQuality "1"]

1. e4 c5 2. Nf3 Nc6 3. d4 cxd4 4. Nxd4 Nf6 5. Nc3 d6 6. Bg5 e6 7. Qd2 Be7 8.
O-O-O Nxd4 9. Qxd4 O-O 10. f4 Qa5 11. Bc4 Bd7 12. e5 dxe5 13. fxe5 Bc6 14. Bd2
Nd7 15. Nd5 Qd8 16. Nxe7+ Qxe7 17. Rhe1 Rfd8 18. Qg4 (18. Bf1 Nf8 19. Qe3 $14)
18... Nf8 {[#]} 19. Bf1 {Les 2 catalans ont joué plus de coups et plus
longtemps que leurs collègues de la 1ère table mais sans entamer le débat
théorique qui commence exactement ici!!} (19. Bd3 {est l'autre possibilité où
l'évaluation du sacrifice de qualité} Rxd3 20. cxd3 Qd7 {est critique pour la
variante et une des grandes questions de la théorie actuelle.}) 1/2-1/2

[Event "St Petersburg-Paris"]
[Site "Paris"]
[Date "1996.??.??"]
[Round "1"]
[White "Marciano, David"]
[Black "Lugovoi, Aleksei"]
[Result "1-0"]
[WhiteElo "2495"]
[BlackElo "2470"]
[Annotator "Chekhov,V"]
[PlyCount "97"]
[EventDate "1996.02.??"]
[EventType "schev"]
[EventRounds "9"]
[EventCountry "FRA"]
[SourceTitle "CBM 051 Extra"]
[Source "ChessBase"]
[SourceDate "1996.05.01"]
[SourceVersion "1"]
[SourceVersionDate "1996.05.01"]
[SourceQuality "1"]

1. e4 c5 2. Nf3 Nc6 3. d4 cxd4 4. Nxd4 Nf6 5. Nc3 d6 6. Bg5 e6 7. Qd2 Be7 8.
O-O-O O-O 9. f4 Nxd4 10. Qxd4 Qa5 11. Bc4 Bd7 12. e5 $1 dxe5 13. fxe5 Bc6 14.
Bd2 Nd7 15. Nd5 Qd8 16. Nxe7+ Qxe7 17. Rhe1 Rfd8 18. Qg4 Nf8 19. Bd3 Rxd3 20.
cxd3 Qd7 21. Bb4 Qd5 22. Bxf8 Rxf8 23. Kb1 Qxg2 24. Qxg2 Bxg2 25. Rc1 Bc6 26.
Kc2 (26. Rc4 $5 f5 27. exf6 Rxf6 28. h4 h6 29. Rg1 Kf7 30. h5 Kf8 31. Kc2 Rf5
32. Rcg4 Rf7 33. Kc3 $36 {Georgiev,K-Gurevich,D/Palma de Majorca/1989/0,5/59/})
26... f5 (26... Rd8 27. Kd2 Kf8 28. Ke3 f6 29. exf6 gxf6 30. Rc4 Bb5 31. Rd4
Rxd4 32. Kxd4 e5+ 33. Ke3 $14 {Leko,P-Fritz3/Munich/1994/0,5/55/}) 27. exf6
Rxf6 28. Kc3 $5 {N/} (28. Rf1 Rh6 29. Rf2 Rh3 30. Kc3 h6 31. Kd4 Kh7 32. b3 $14
{Adams,M-Kramnik,V/Moscow/1994/0,5/54/}) 28... g5 29. Rf1 Rh6 30. Rg1 Rg6 (
30... Rh5 31. h4 $1 $16) 31. Kd4 g4 32. b4 a6 33. a4 h5 (33... Bxa4 34. Rc8+
Kf7 35. Rc7+ Kf6 36. Rxb7 $16) 34. Rxc6 $5 bxc6 35. Kc5 e5 (35... Kf7 36. Kxc6
Ke7 37. Kb7 e5 38. b5 axb5 39. axb5 Rd6 $14) 36. Kb6 Rd6 37. Kxa6 Rxd3 38. Kb6
Rb3 39. Ra1 $1 $18 Rxb4+ 40. Kc7 Rf4 41. a5 Rf7+ 42. Kb6 Kg7 43. a6 Kg6 44. a7
Rxa7 45. Rxa7 Kf5 46. Kxc6 Ke4 (46... h4 47. Kd5 g3 48. h3 Kf4 49. Rf7+ Ke3 50.
Kxe5 g2 51. Rg7 Kf2 52. Kf4 g1=Q 53. Rxg1 Kxg1 54. Kg4 Kf2 55. Kxh4 Kf3 56. Kg5
$18) 47. Rh7 Kf3 48. Rxh5 e4 49. Rf5+ (49. Rf5+ Kg2 50. Rf4 $18) 1-0

[Event "Bundesliga 9697"]
[Site "Germany"]
[Date "1997.??.??"]
[Round "?.1"]
[White "Almasi, Zoltan"]
[Black "Hracek, Zbynek"]
[Result "1-0"]
[WhiteElo "2595"]
[BlackElo "2630"]
[Annotator "ChessBase"]
[PlyCount "81"]
[EventDate "1996.10.12"]
[EventType "team-tourn"]
[EventRounds "15"]
[EventCountry "GER"]
[SourceTitle "GER-chT"]
[Source "ChessBase"]
[SourceDate "1999.07.01"]
[SourceVersion "1"]
[SourceVersionDate "1999.07.01"]
[SourceQuality "1"]
[WhiteTeam "Dresden"]
[BlackTeam "Werder Bremen"]
[WhiteTeamCountry "GER"]
[BlackTeamCountry "GER"]

1. e4 c5 2. Nf3 d6 3. d4 cxd4 4. Nxd4 Nf6 5. Nc3 Nc6 6. Bg5 e6 7. Qd2 Be7 8.
O-O-O Nxd4 9. Qxd4 O-O 10. f4 Qa5 11. Bc4 Bd7 12. e5 dxe5 13. fxe5 Bc6 14. Bd2
Nd7 15. Nd5 Qd8 16. Nxe7+ Qxe7 17. Rhe1 Rfd8 18. Qg4 Nf8 19. Bd3 Rd5 20. Bb4
Qc7 $146 (20... Qd8 21. h4 Ng6 22. Bxg6 hxg6 23. Qf4 Rc8 24. Rf1 Rxd1+ 25. Rxd1
Bd5 26. b3 a5 27. Bd6 Bxg2 28. Qg5 Qxg5+ 29. hxg5 Be4 30. c4 b5 31. Be7 Bd5 32.
c5 {1-0 Yemelin,V-Kharlov,A/RUS-ch 1996/CBM 56 (49)}) 21. c4 Rd7 22. Bd6 Qa5
23. Kb1 Ng6 24. h4 f5 25. Qg3 Qd8 26. Rh1 Nh8 27. c5 b5 28. Bc2 a5 29. Qb3 Rf7
30. Qxe6 a4 {MultiMedia files not imported} 31. Bb8 Qxb8 32. Qxc6 Ng6 33. Rhe1
Nxh4 34. e6 Re7 35. Rd7 Qe8 36. Qxa8 Qxa8 37. Rxe7 Nxg2 38. Rg1 h5 39. Rd7 Qc6
40. Rd8+ Kh7 41. e7 1-0

[Event "Aruba"]
[Site "Aruba"]
[Date "1992.??.??"]
[Round "7"]
[White "Psakhis, Lev"]
[Black "Gulko, Boris F"]
[Result "1/2-1/2"]
[WhiteElo "2605"]
[BlackElo "2560"]
[Annotator "Dautov,R"]
[PlyCount "59"]
[EventDate "1992.03.??"]
[EventType "tourn"]
[EventRounds "9"]
[EventCountry "NAU"]
[EventCategory "11"]
[SourceTitle "CBM 030"]
[Source "ChessBase"]
[SourceDate "1992.10.01"]
[SourceVersion "1"]
[SourceVersionDate "1992.10.01"]
[SourceQuality "1"]

1. e4 c5 2. Nf3 Nc6 3. d4 cxd4 4. Nxd4 Nf6 5. Nc3 d6 6. Bg5 e6 7. Qd2 Be7 8.
O-O-O O-O 9. f4 Nxd4 10. Qxd4 Qa5 11. Bc4 Bd7 12. e5 dxe5 13. fxe5 Bc6 14. Bd2
Nd7 15. Nd5 Qd8 16. Nxe7+ Qxe7 17. Rhe1 Qc5 (17... Rfd8) (17... Rfc8) (17...
Nb6) 18. Qf4 (18. Qxc5 $142 Nxc5 19. Bb4 b6 20. Re2 Rfd8 21. Red2 Rxd2 22. Rxd2
Kf8 23. g3 Ke7 (23... Ke8 $5 24. b3 Ne4 25. Rd4 Rd8 26. Rxd8+ Kxd8) 24. b3 Rd8
25. Rxd8 Kxd8 26. Kd2 $14 {ECO}) 18... Bb5 19. Bb3 (19. Bxb5 Qxb5 20. Bb4 Nc5
21. Rf1 Rac8 22. Rf3 h6 23. Rd4 f6 24. exf6 Rxf6 25. Qg4 h5 26. Qg3 e5 27. Rxf6
exd4 28. Bxc5 Qxc5 $10 {Kindermann,S-Gurevich,D Beersheva 1984}) 19... Qc7 $1 (
19... a5 20. a4 Bc6 21. Re3 Rac8 22. Bc3 b5 23. Rg3 Rfe8 24. Rf1 Re7 25. Qg5 g6
26. Bd4 $16 {Kavalek,L-Benko,P Netanya 1969}) 20. Qg3 Nc5 21. Bg5 (21. Bh6 f5)
21... f5 $1 22. exf6 Qxg3 23. f7+ Rxf7 24. hxg3 Nxb3+ 25. axb3 Bc6 $10 26. Rxe6
(26. Rd2 Re8 $10) 26... Bxg2 27. Re7 Bc6 28. Rxf7 Kxf7 29. Rd8 Rxd8 30. Bxd8
1/2-1/2

[Event "Rubinstein Memorial 32nd"]
[Site "Polanica Zdroj"]
[Date "1995.??.??"]
[Round "7"]
[White "Smirin, Ilia"]
[Black "Sosonko, Gennadi"]
[Result "1-0"]
[WhiteElo "2630"]
[BlackElo "2525"]
[Annotator "Dolmatov,S"]
[PlyCount "87"]
[EventDate "1995.08.??"]
[EventType "tourn"]
[EventRounds "11"]
[EventCountry "POL"]
[EventCategory "14"]
[SourceTitle "CBM 049"]
[Source "ChessBase"]
[SourceDate "1995.12.01"]
[SourceVersion "1"]
[SourceVersionDate "1995.12.01"]
[SourceQuality "1"]

1. e4 c5 2. Nf3 d6 3. d4 cxd4 4. Nxd4 Nf6 5. Nc3 Nc6 6. Bg5 e6 7. Qd2 Be7 8.
O-O-O Nxd4 9. Qxd4 O-O 10. f4 h6 (10... Qa5 11. Bc4 Bd7 12. e5 dxe5 13. fxe5
Bc6 14. Bd2 Nd7 15. Nd5 Qc5 16. Nxe7+ Qxe7 $14) 11. Bh4 Qa5 (11... a6 12. g4 $1
$14) 12. Be1 (12. Bc4 $5 Rd8 13. Rhf1 Qh5 14. g3 $14) 12... e5 13. Qf2 exf4 14.
Qxf4 (14. Nd5 $6 Qd8 15. Nxe7+ Qxe7 16. Qxf4 Nxe4 $15) 14... Be6 15. Kb1 (15.
Nd5 $2 Nxd5 16. exd5 Qxa2 $17) 15... Qe5 (15... Rac8 $5 16. Nd5 Nxd5 17. exd5
Qc5 18. c4 Bg5 19. Qf3 Bd7 20. Bc3 $14) 16. Qxe5 dxe5 17. Bg3 Rad8 (17... Bc5
$6 18. Bxe5 Ng4 19. Bd4 Bxd4 20. Rxd4 $14) 18. Be2 (18. Rxd8 $2 Rxd8 19. Bxe5
Nxe4 $40) 18... Ng4 $6 (18... Bd6 19. Rd2 $14) (18... Bb4 $5 19. Bxe5 Bxc3 20.
Bxc3 Nxe4 21. Bd4 a6 22. Bf3 f5) 19. Nd5 (19. Bxg4 $2 Bxg4 20. Rxd8 Rxd8 21.
Bxe5 Rd2 $44) 19... Bd6 (19... Bxd5 20. Rxd5 Rxd5 21. exd5 Ne3 22. Bxe5 $14)
20. Bh4 $1 (20. h3 $2 Bxd5 21. Rxd5 (21. exd5 Ne3 $15) 21... Nf6 $15) 20... f6
$8 (20... g5 $2 21. Bxg4 $16) 21. Bc4 g5 22. h3 $1 (22. Bg3 Kg7 23. h3 Bxd5) (
22. Ne7+ Kf7 $1) 22... gxh4 23. hxg4 Kg7 24. Rxh4 $16 Bc5 {/\Bf2} 25. Rdh1 Rh8
26. Rf1 b5 (26... Rhf8) 27. Bb3 Rhf8 28. c3 a5 29. Nc7 Bd7 30. Be6 $18 Bb6 31.
Bxd7 Bxc7 32. Bxb5 Rd2 33. Rfh1 Rh8 34. R4h3 Rxg2 35. Rd3 Bb6 36. Bd7 Rb8 37.
Bf5 Bc5 38. b3 Rb7 39. Rhd1 Ba3 40. R3d2 Rg3 41. Kc2 Kf8 42. Rd8+ Kg7 43. Rc8
Rg2+ 44. Rd2 1-0